000 00595nam a2200205Ia 4500
005 20250508165148.0
008 008 250505s9999 xx 000 0 eng d
037 _aTextual
040 _aFEDL
_beng
_cFEDL
041 _aeng
_2eng
084 _a592, DHA
_qFEDL
100 _aDhami P S
_9627882
245 0 _aInvertebrate zoology: A text-book for B.Sc. students of Indian Universities
260 _aNew Delhi, India
_bR. Chand and Co.
_c2001
365 _aINR
_b200
546 _aRSPEE
700 _a Dhami J K
_9780041
942 _cTEXL
_h592, DHA
999 _c1393522
_d1393522